Southville International School and Colleges
Your cart is empty.
  • Cart
  • Lists
    Public lists list_1 View all
    Your lists Log in to create your own lists
  • Log in to your account
  • Your cookies
  • Search history
Southville International School and Colleges
  • Advanced search
  • Recent comments
  • Most popular
  • Libraries

Log in to your account

Log in with GOOGLE


If you do not have an external account, but do have a local account, you can still log in:

  1. Home
  2. MARC view: Unequal alliance 1979-1986 :
Normal view MARC view ISBD view

Unequal alliance 1979-1986 : (Record no. 288853)

[ view plain ]
MARC details
000 -LEADER
fixed length control field 00703nam a22002050 4500
001 - CONTROL NUMBER
control field HUB008853
003 - CONTROL NUMBER IDENTIFIER
control field PILC
005 - DATE AND TIME OF LATEST TRANSACTION
control field 20151013130437.0
008 - FIXED-LENGTH DATA ELEMENTS--GENERAL INFORMATION
fixed length control field 800101s1988
020 ## - INTERNATIONAL STANDARD BOOK NUMBER
International Standard Book Number 9711130068
050 ## - LIBRARY OF CONGRESS CALL NUMBER
Classification number HG 3881
Item number .B78 1988
100 1# - MAIN ENTRY--PERSONAL NAME
Personal name Broad, Robin.
245 10 - TITLE STATEMENT
Title Unequal alliance 1979-1986 :
Remainder of title the world bank, the international monetary fund, and the Philippines /
Statement of responsibility, etc Robin Broad.
260 ## - PUBLICATION, DISTRIBUTION, ETC. (IMPRINT)
Place of publication, distribution, etc Manila :
Name of publisher, distributor, etc Ateneo de Manila University Press,
Date of publication, distribution, etc 1988.
300 ## - PHYSICAL DESCRIPTION
Extent xxvii, 352 pages :
Other physical details illustrations ;
Dimensions 24 cm.
650 ## - SUBJECT ADDED ENTRY--TOPICAL TERM
Topical term or geographic name as entry element International Monetary Fund
General subdivision Philippines.
650 ## - SUBJECT ADDED ENTRY--TOPICAL TERM
Topical term or geographic name as entry element Philippines
General subdivision Economic policy.
650 ## - SUBJECT ADDED ENTRY--TOPICAL TERM
Topical term or geographic name as entry element World Bank
General subdivision Philippines.
942 ## - ADDED ENTRY ELEMENTS (KOHA)
Source of classification or shelving scheme Library of Congress Classification
Koha item type Books
Call number prefix Local
Holdings
Withdrawn status Lost status Source of classification or shelving scheme Damaged status Home library Current library Shelving location Date acquired Source of acquisition Total Checkouts Full call number Barcode Date last seen Price effective from Koha item type
    Library of Congress Classification   Archives Archives Audio Visual Material Section 10/13/2015 Donation   HG 3881 .B78 1988 C20186 05/15/2018 10/13/2015 Books

Unequal alliance 1979-1986 :

APA

Broad R., . (1988). Unequal alliance 1979-1986. Manila: Ateneo de Manila University Press.

Chicago

Broad Robin, . 1988. Unequal alliance 1979-1986. Manila: Ateneo de Manila University Press.

Harvard

Broad R., . (1988). Unequal alliance 1979-1986. Manila: Ateneo de Manila University Press.

MLA

Broad Robin, . Unequal alliance 1979-1986. Manila: Ateneo de Manila University Press. 1988.

  • Place hold
  • Print
  • Cite
  • Add to your cart (remove)
  • Save record
    BIBTEX Dublin Core MARCXML MARC (non-Unicode/MARC-8) MARC (Unicode/UTF-8) MARC (Unicode/UTF-8, Standard) MODS (XML) RIS
  • More searches
    Search for this title in:
    Other Libraries (WorldCat) Other Databases (Google Scholar) Online Stores (Bookfinder.com) Open Library (openlibrary.org)

Exporting to Dublin Core...

SOUTHVILLE LIBRARY

Southville International School and Colleges Library

1281 Tropical Ave. Cor. Luxembourg St., BF Homes International, Las Pinas City

Tel. No. 8256374 / 252358 Loc. 117/146

Powered by Koha